000 00228nam a22001097a 4500
082 _aP-146
245 _aDesign of roof slabs
260 _c19-4-2000
526 _a0
_b0
_c0
_dP_146
650 _aProject
_947593
942 _2ddc
_cBK
999 _c550787
_d550787